| 000 | 00385cam a22001457a 4500 | ||
|---|---|---|---|
| 008 | 180718b2002 xxu||||| |||| 00| 0 eng d | ||
| 082 | _aJ7 M687 | ||
| 100 | _aMishra, J.S. | ||
| 245 |
_aA quest for dream cities _cby J.S. Mishra |
||
| 260 |
_aNew Delhi _bHar-Anand _c2002 |
||
| 300 | _a256p. | ||
| 650 | _aUrbanization | ||
| 650 | _aCities and towns - Growth | ||
| 650 | _aCity planning | ||
| 999 |
_c399649 _d399649 |
||